Pays en B en 2 minutes - Statistiques

Statistiques générales
  • Ce quiz a été pris 506 fois
  • Le résultat moyen est 8 sur 17
Statistiques - réponses
Hint Réponse % Correct
5 Belgique
84%
15 Bulgarie
62%
10 Bolivie
61%
8 Bhoutan
59%
12 Botswana
52%
13 Brésil
51%
9 Biélorussie
50%
3 Bangladesh
49%
7 Bénin
47%
1 Bahamas
41%
6 Belize
40%
2 Bahrein
39%
14 Brunei
39%
11 Bosnie
38%
4 Barbade
37%
16 Burkina Faso
35%
17 Burundi
35%
Aucun quiz correspondant
Distribution des résultats
% des personnes avec chaque résultat
Percentile par nombre de réponses
Votre historique - résultats
Vous n’avez pas pris ce quiz